| 000 | 00000nam 2200000zi 4500 |
| 001 | 9.948051 |
| 003 | CaOODSP |
| 005 | 20250522085033 |
| 006 | m o d f |
| 007 | cr mn||||||||| |
| 008 | 250214t20252025onc ob f000 0 fre d |
| 020 | |a9780660731827 |
| 040 | |aCaOODSP|bfre|erda|cCaOODSP |
| 043 | |an-cn--- |
| 086 | 1 |aHP5-259/2024F-PDF |
| 245 | 00|aEnquête sur la couverture vaccinale des enfants dans les populations clés (ECVEPC) - parents immigrants récents - 2024 : |brapport méthodologique / |cpréparé pour l'Agence de la santé publique du Canada. |
| 264 | 1|a[Ottawa] : |bAgence de la santé publique du Canada = Public Health Agency of Canada, |c2025. |
| 264 | 4|c©2025 |
| 300 | |a1 ressource en ligne (52 pages) |
| 336 | |atexte|btxt|2rdacontent/fre |
| 337 | |ainformatique|bc|2rdamedia/fre |
| 338 | |aressource en ligne|bcr|2rdacarrier/fre |
| 500 | |aPublié aussi en anglais sous le titre : Childhood immunization coverage survey among key populations (KPCICS) : recent immigrant parents - 2024 : methodological report. |
| 500 | |a« Nom du fournisseur: Advanis Inc. » |
| 500 | |a« Numéro de contrat: 6D142-23-5463. » |
| 500 | |a« Numéro d'enregistrement: POR 123-23. » |
| 500 | |a« Février 2025 » -- Page 3. |
| 504 | |aComprend des références bibliographiques. |
| 650 | 6|aEnfants immigrants|xMaladies|zCanada|xPrévention|xOpinion publique. |
| 650 | 6|aEnfants|xVaccination|zCanada|xOpinion publique. |
| 650 | 6|aCOVID-19|xVaccination|zCanada|xOpinion publique. |
| 650 | 6|aVaccins|zCanada|xOpinion publique. |
| 650 | 6|aVaccins contre la COVID-19|zCanada|xOpinion publique. |
| 650 | 6|aOpinion publique|zCanada. |
| 650 | 6|aParents|zCanada|xAttitudes. |
| 650 | 6|aImmigrants|zCanada|xAttitudes. |
| 710 | 2 |aAgence de santé publique du Canada, |eorganisme de publication. |
| 710 | 2 |aAdvanis (Firme), |econsultant. |
| 775 | 08|tChildhood immunization coverage survey among key populations (KPCICS) : |w(CaOODSP)9.948050 |
| 795 | |tEnquête sur la couverture vaccinale des enfants dans les populations clés (ECVEPC) - parents immigrants récents - 2023 : |w(CaOODSP)9.933122 |
| 856 | 40|qPDF|s1.11 Mo|uhttps://publications.gc.ca/collections/collection_2025/aspc-phac/HP5-259-2024-fra.pdf|z(rapport) |
| 856 | 4 |qHTML|sS.O.|uhttps://epe.bac-lac.gc.ca/100/200/301/pwgsc-tpsgc/por-ef/public_health_agency_canada/2025/123-23-f/index.html?nodisclaimer=1|z(ensemble de données complet) |